| 000 | 01958nam0a22003251 4500 | ||
|---|---|---|---|
| 001 | rc\266076 | ||
| 005 | 20250621001034.0 | ||
| 010 |
_a5-86193-023-6 _9500 |
||
| 035 | _a(NLR Aleph) 005471008 | ||
| 090 |
_a5046271 _c5046271 |
||
| 100 | _a20030307d1995 |||y0rusy50 ca | ||
| 101 | 0 | _arus | |
| 102 | _aRU | ||
| 105 | _ay ||||||||| | ||
| 200 | 1 |
_aВ садах... _e[Сборник] _fЮлия Кокошко |
|
| 210 |
_aЕкатеринбург _cСфера _dБ. г. (1995) |
||
| 215 |
_a159, [1] с. _d20 |
||
| 327 | 1 | _aСодерж.: Военный базар с исчезающим полководцем: Повесть; Рассказы: Ящики воспоминаний; Сад старых стульев; Блистая в голубых поверхностях; Хвастовство от господина Собаки; Вертикальная песня, исполненная падающими на дерево | |
| 464 | 0 |
_12001#$aВоенный базар с исчезающим полководцем _tВоенный базар с исчезающим полководцем |
|
| 464 | 0 |
_12001#$aЯщики воспоминаний _tЯщики воспоминаний |
|
| 464 | 0 |
_12001#$aСад старых стульев _tСад старых стульев |
|
| 464 | 0 |
_12001#$aБлистая в голубых поверхностях _tБлистая в голубых поверхностях |
|
| 464 | 0 |
_12001#$aХвастовство от господина Собаки _tХвастовство от господина Собаки |
|
| 464 | 0 |
_12001#$aВертикальная песня, исполненная падающими на дерево _tВертикальная песня, исполненная падающими на дерево |
|
| 700 | 1 |
_aКокошко _bЮ. _gЮлия |
|
| 801 | 0 |
_aRU _bNLR _gpsbo |
|
| 801 | 1 |
_aRU _bELAR _2rusmarc |
|
| 852 |
_aNLR _j96-3/5292 |
||
| 942 | _cBOOK | ||
| 980 | _aNB | ||